_Special needs education learners handbook Robert K. Karanja (Record no. 9010)
[ view plain ]
| 000 -LEADER | |
|---|---|
| fixed length control field | 00391nam a2200133Ia 4500 |
| 008 - FIXED-LENGTH DATA ELEMENTS--GENERAL INFORMATION | |
| fixed length control field | 151021s9999 xx 000 0 und d |
| 245 ## - TITLE STATEMENT | |
| Title | _Special needs education learners handbook Robert K. Karanja |
| 250 ## - EDITION STATEMENT | |
| Edition statement | 2nd ed. |
| 260 ## - PUBLICATION, DISTRIBUTION, ETC. (IMPRINT) | |
| Place of publication, distribution, etc. | Nairobi KISE 2004 |
| 300 ## - PHYSICAL DESCRIPTION | |
| Extent | v,54p.;ill |
| 500 ## - GENERAL NOTE | |
| General note | Includes bibliographies |
| 650 ## - SUBJECT ADDED ENTRY--TOPICAL TERM | |
| Topical term or geographic name as entry element | _Special education |
| 980 ## - EQUIVALENCE OR CROSS-REFERENCE-SERIES STATEMENT--PERSONAL NAME/TITLE [LOCAL, CANADA] | |
| Personal name | ^d20120523 10:56:34^oanne |
No items available.